Theory of classification / (Record no. 5746)
[ view plain ]
| 000 -LEADER | |
|---|---|
| fixed length control field | 00455cam a2200181ua 4500 |
| 041 ## - LANGUAGE CODE | |
| Language code of text/sound track or separate title | eng |
| 082 ## - DEWEY DECIMAL CLASSIFICATION NUMBER | |
| Classification number | 025.42 |
| Item number | KRI/TH |
| 100 ## - MAIN ENTRY--AUTHOR NAME | |
| Personal name | Krishna, Kumar . |
| 245 ## - TITLE STATEMENT | |
| Title | Theory of classification / |
| 250 ## - EDITION STATEMENT | |
| Edition statement | 1 / |
| 260 ## - PUBLICATION, DISTRIBUTION, ETC. (IMPRINT) | |
| Place of publication | New Delhi : |
| Name of publisher | Vikas publishing house pvt ltd , |
| Year of publication | 1985. |
| 300 ## - PHYSICAL DESCRIPTION | |
| Number of Pages | 538 ; . |
| 942 ## - ADDED ENTRY ELEMENTS (KOHA) | |
| Koha item type | Books |
| Withdrawn status | Lost status | Damaged status | Home library | Current library | Date acquired | Full call number | Accession Number | Koha item type |
|---|---|---|---|---|---|---|---|---|
| KAUAET | KAUAET | 09/03/1987 | 025.42 | 16029 | Reference |
